000 00689nam a22002177a 4500
003 UA-OsUOA
001 119057
007 ta
008 20161003b un ||||| |||| 00| 0 ukr d
100 _aГрицай Л.
090 _a82
_bГ85
942 _cSA
040 _aUA-OsUOA
_bukr
_cUA-OsUOA
_dUA-OsUOA
245 _aПоема "Мойсей". Основна сюжетна лінія. Біблійна основа. пролог до поеми - заповіт українському народові
300 _aС.52-59
955 _a0
041 _aukr
080 _a82
773 0 _w119054
650 7 _a82 Література. Літературознавство
_2UDC
999 _c405345
_d405345